000 00688nam a2200253Ia 4500
003 OSt
005 20221006160328.0
006 a|||||r|||| 00| 0
007 ta
008 221006b |||||||| |||| 00| 0 eng d
020 _a9788920911460
_cW12,000
024 _a44,969
037 _bGift, Window on Korea
_cTextual
040 _aEASL
_cEASL
_beng
041 _2eng
_aeng
082 _aP495, Q3
245 0 _aWea guk yin vrosoe Hanguk a gyoguk hak
260 _aSeoul
_bHanguk bangsong tongsin Deahak gyo Korea
_c2013
300 _a283p.
_ccm.
490 _v KL
650 _aKL
942 _hP495, Q3
_cTEXL
_2CC
999 _c1113061
_d1113061